000 00503nam a2200181Ia 4500
005 20250326125844.0
008 250326s9999 xx 000 0 und d
037 _aTextbook
040 _aFMSL
_beng
_cFMSL
041 _aeng
_2eng
084 _aX:89U N3
_qFMSL
100 _aRamsay M R
_9739811
245 0 _aPilot project report on innentory control
_cRamsay M R
260 _aNew Delhi
_bNew Delhi, D P C
_c1963
300 _a40p
942 _cTB
_hX:89U N3
999 _c1279877
_d1279877